The new GD kpath-finder 2006 (Record no. 5602)

MARC details
000 -LEADER
fixed length control field 00739 a2200169 4500
020 ## - INTERNATIONAL STANDARD BOOK NUMBER
Terms of availability 150.00
035 ## - SYSTEM CONTROL NUMBER
System control number B-210716
037 ## - SOURCE OF ACQUISITION
Source of stock number/acquisition RP-ZLS-2742 / UBH-07-08:4 / RP-07-08:ENG
082 14 - DEWEY DECIMAL CLASSIFICATION NUMBER
Classification number 302.34
090 ## - LOCALLY ASSIGNED LC-TYPE CALL NUMBER (OCLC); LOCAL CALL NUMBER (OCLC)
-- 5709
-- 5709
245 1# - TITLE STATEMENT
Title The new GD kpath-finder 2006
Remainder of title a complete guide to Ace group discussion : case studies, abstract topics, analyses by experts, comprehensive introduction
260 ## - PUBLICATION, DISTRIBUTION, ETC. (IMPRINT)
Place of publication, distribution, etc Mumbai
Name of publisher, distributor, etc IMS Learning Resonrces,
Date of publication, distribution, etc (200?)
270 ## - ADDRESS
Address 6th Floor, NCL Premises Bandra Kurla Complex,
City Bandra
State or province Mumbai
300 ## - PHYSICAL DESCRIPTION
Extent 120 p
Dimensions 24 cm (pbk)
942 ## - ADDED ENTRY ELEMENTS (KOHA)
Institution code [OBSOLETE] dpl
Koha item type English Books
Call number prefix 302.34 / THE
Holdings
Withdrawn status Lost status Source of classification or shelving scheme Damaged status Not for loan Collection code Home library Current library Date acquired Total Checkouts Full call number Barcode Date last seen Uniform Resource Identifier Cost, replacement price Price effective from Koha item type
    Dewey Decimal Classification     Non-fiction Sarojini Nagar Sarojini Nagar 13/04/2012   302.34 NEW B-210716 15/09/2008 6004 150.00 15/09/2008 English Books

© Delhi Public Library
Hit Counter
free hit counter